Countries of Europe by Images - Statistics

General Stats
  • This quiz has been taken 26 times
  • The average score is 13 of 16
Answer Stats
Picture Answer % Correct
France
100%
Greece
100%
Italy
100%
United Kingdom
100%
Germany
96%
Norway
96%
Hungary
87%
Liechtenstein
87%
Malta
78%
Portugal
78%
San Marino
78%
Slovenia
78%
Spain
78%
Bosnia and Herzegovina
74%
Bulgaria
61%
North Macedonia
48%
No matching quizzes found
Score Distribution
Percent of People with Each Score
Percentile by Number Answered
Your Score History
You have not taken this quiz